| 000 | 00367nam a2200145Ia 4500 | ||
|---|---|---|---|
| 008 | 140316s9999 xx 000 0 und d | ||
| 020 | _a8186104151 | ||
| 082 |
_a025.42 _bKHA/HA |
||
| 100 | _aKhanna,J K | ||
| 245 | _aHandbook of library classification systems | ||
| 260 |
_aNew Delhi _bBeacon Books _c1996 |
||
| 300 | _a472 | ||
| 700 | _aVohra,R | ||
| 942 |
_2ddc _cREF |
||
| 999 |
_c17758 _d17758 |
||